000 00455nam a2200181Ia 4500
001 10060
005 20260306161804.0
008 260306t2022||||xx |||||||||||||| ||spa||
041 _aESP
082 _aPE 869.57
_bR75
100 _aRodríguez-Camargo, Mauricio
_eAUT
245 0 _aBienvenidos al desván:
_bteatro para jóvenes
260 _c2022
300 _a146 páginas :
_c21 cm.
650 _aGEN
654 _aCHU
942 _cLIB
_dJUS
_fJUS
_2ddc
_n
999 _c10060
_d10060